000 00373cam a22001337a 4500
008 180718b1966 xxu||||| |||| 00| 0 eng d
082 _aT000x44 L978
100 _aLutz, Vera
245 _aFrench planning
_cby Vera Lutz
260 _aWashington, D.C.
_bAm. Enterprise Inst. for Pub. Res.
_c1966
300 _a105p.
500 _a$1.00
650 _aEconomic Planning - France
999 _c372432
_d372432